| 000 | 00427nam a22001577a 4500 | ||
|---|---|---|---|
| 020 | _a9781560324775 | ||
| 040 | _cNust | ||
| 082 |
_a621.4022 _bJAL |
||
| 100 |
_aYogesh Jaluria _9124502 |
||
| 110 |
_aKenneth E. Torrance _9124503 |
||
| 245 | _aComputational Heat Transfer | ||
| 250 | _a2nd Edition | ||
| 260 |
_aNew York: _bTaylor & Francis Group, _c2003. |
||
| 650 |
_aComputational Heat Transfer _9124504 |
||
| 942 |
_2ddc _cBK |
||
| 999 |
_c610343 _d610343 |
||